ՀՀ Գիտությունների ազգային ակադեմիայի հիմնարար գիտական գրադարան  =   Fundamental Scientific Library of NAS RA

Ethiopia (Record no. 131580)

MARC details
000 -LEADER
fixed length control field 00814nam a2200253 u 4500
001 - CONTROL NUMBER
control field 000345557
003 - CONTROL NUMBER IDENTIFIER
control field AM-YeHGA
005 - DATE AND TIME OF LATEST TRANSACTION
control field 20250618072148.0
008 - FIXED-LENGTH DATA ELEMENTS--GENERAL INFORMATION
fixed length control field 040622s1961 |||af||||b||||||||||eng|d
040 ## - CATALOGING SOURCE
Original cataloging agency AM-YeHGA
041 0# - LANGUAGE CODE
Language code of text/sound track or separate title eng
090 ## - LOCALLY ASSIGNED LC-TYPE CALL NUMBER (OCLC); LOCAL CALL NUMBER (RLIN)
-- 132946
245 00 - TITLE STATEMENT
Title Ethiopia
Remainder of title Illuminated manuscripts /
Statement of responsibility, etc. Introd. [by] Jules Leroy ; Texts: Stephen Wright and Otto A. Jäger.
260 ## - PUBLICATION, DISTRIBUTION, ETC.
Place of publication, distribution, etc. [Greenwich, Conn.] :
Name of publisher, distributor, etc. Graphic Society,
Date of publication, distribution, etc. 1961.
300 ## - PHYSICAL DESCRIPTION
Extent 27 p.
Other physical details 32 l. col. plates.
440 #0 - SERIES STATEMENT/ADDED ENTRY--TITLE
Title Unesco World Art Series,
Volume/sequential designation [15]
500 ## - GENERAL NOTE
General note Material assembled by experts from UNESCO and the New York Graphic Society
504 ## - BIBLIOGRAPHY, ETC. NOTE
Bibliography, etc. note Bibliogr.: p. [26]
651 #0 - SUBJECT ADDED ENTRY--GEOGRAPHIC NAME
Geographic name Ethiopia
General subdivision Manuscripts
700 1# - ADDED ENTRY--PERSONAL NAME
Personal name Leroy, Jules
Relationship aui
700 1# - ADDED ENTRY--PERSONAL NAME
Personal name Wright, Stephen
700 1# - ADDED ENTRY--PERSONAL NAME
Personal name Jäger, Otto A.
710 2# - ADDED ENTRY--CORPORATE NAME
Corporate name or jurisdiction name as entry element UNESCO
9 (RLIN) 5335
Holdings
Withdrawn status Lost status Damaged status Not for loan Collection Home library Current library Date acquired Total checkouts Full call number Barcode Date last seen Copy number Price effective from Koha item type Public note
        Gulbenkian Individual Collection Fundamental Scientific Library Fundamental Scientific Library 22/12/2016   Gulb/1330 901001330 22/12/2016 75.056(63)(09)(084) 22/12/2016 Գրքեր / Books ILL Non-Circ.


ՀՀ ԳԱԱ հիմնարար գիտական գրադարան
ՀՀ,Երևան 0019
Մարշալ Բաղրամյան 24/6
հեռախոս:(374-10) 52-47-50
Հետադարձ կապ

All site content, except where otherwise noted, is licensed under a
Creative Commons License